[Event "Titled Tuesday intern op 12th Dec Early"]
[Site "Chess.com INT"]
[Date "2023.12.12"]
[Round "11"]
[White "Ganerdene, Sugar"]
[Black "Cordoba Roa, Angel Gabriel"]
[Result "1-0"]
[WhiteElo "2429"]
[BlackElo "2312"]
[PlyCount "29"]
[EventDate "2023.12.12"]
[EventType "swiss (blitz)"]
[EventRounds "11"]
[EventCountry "USA"]
[SourceTitle "CB51_2023"]
[SourceDate "2023.12.20"]
[SourceVersion "1"]
[SourceVersionDate "2023.12.20"]
[SourceQuality "1"]

1. e4 e5 2. Nf3 Nc6 3. Nc3 Nf6 4. Bb5 Nd4 5. Ba4 Bc5 6. 0-0 0-0 7. Nxe5 Re8 8. Nd3 Bb6 9. e5 Ng4 10. Qxg4 Nxc2 11. Bxc2 Bxf2+ 12. Nxf2 Qh4 13. Qxh4 Re7 14. Qxe7 d6 15. Qe8# 1-0

[Event "Titled Tuesday intern op 12th Dec Early"]
[Site "Chess.com INT"]
[Date "2023.12.12"]
[Round "6"]
[White "Ganerdene, Sugar"]
[Black "Sarana, Alexey"]
[Result "0-1"]
[WhiteElo "2429"]
[BlackElo "2688"]
[PlyCount "154"]
[EventDate "2023.12.12"]
[EventType "swiss (blitz)"]
[EventRounds "11"]
[EventCountry "USA"]
[SourceTitle "CB51_2023"]
[SourceDate "2023.12.20"]
[SourceVersion "1"]
[SourceVersionDate "2023.12.20"]
[SourceQuality "1"]

1. d4 Nf6 2. c4 e6 3. g3 d5 4. Nf3 Be7 5. Bg2 0-0 6. 0-0 dxc4 7. Qa4 a6 8. Qxc4 b5 9. Qc2 Bb7 10. Bd2 Nc6 11. e3 Nb4 12. Bxb4 Bxb4 13. a3 Bd6 14. Nbd2 Qe7 15. Rfc1 Rfc8 16. e4 e5 17. dxe5 Bxe5 18. Nxe5 Qxe5 19. Qc5 Qxc5 20. Rxc5 Nd7 21. Rc2 c5 22. Rac1 c4 23. b3 cxb3 24. Nxb3 Rxc2 25. Rxc2 Rc8 26. Rxc8+ Bxc8 27. Bf1 Ne5 28. Nc5 Nf3+ 29. Kg2 Ne1+ 30. Kg1 Nc2 31. a4 bxa4 32. Nxa4 a5 33. Bd3 Ne1 34. Bb5 Nf3+ 35. Kg2 Nd4 36. Bd3 Bd7 37. Nc5 Bc6 38. f4 a4 39. Kf2 a3 40. Bc4 Bb5 41. Bd5 Nc2 42. e5 Nb4 43. Be4 Bc4 44. Bb1 a2 45. Bxa2 Bxa2 46. Ke3 Bd5 47. Kd4 Bg2 48. Ke3 Nc6 49. Nd3 g6 50. Nf2 h5 51. Nd3 Ne7 52. Kf2 Be4 53. Nc5 Bc6 54. Nb3 Nf5 55. h3 Bd7 56. Nc5 Bc8 57. Ne4 Kg7 58. Ng5 Nd4 59. Ke3 Ne6 60. Nf3 Nc7 61. Ng5 Bf5 62. h4 Ne6 63. Nf3 Kf8 64. Nd2 Ke7 65. Nc4 Ng7 66. Kf2 Be6 67. Nd6 Nf5 68. Ne4 Kd7 69. Ng5 Kc6 70. Kf3 Kd5 71. Kf2 Kd4 72. Nf3+ Kd3 73. Ng5 Nh6 74. Nh7 Ng4+ 75. Kg2 Ke2 76. Ng5 Bd5+ 77. Kg1 Ne3 0-1

[Event "Titled Tuesday intern op 12th Dec Early"]
[Site "Chess.com INT"]
[Date "2023.12.12"]
[Round "10"]
[White "Vestby Ellingsen, Mads"]
[Black "Ganerdene, Sugar"]
[Result "0-1"]
[WhiteElo "2329"]
[BlackElo "2429"]
[PlyCount "70"]
[EventDate "2023.12.12"]
[EventType "swiss (blitz)"]
[EventRounds "11"]
[EventCountry "USA"]
[SourceTitle "CB51_2023"]
[SourceDate "2023.12.20"]
[SourceVersion "1"]
[SourceVersionDate "2023.12.20"]
[SourceQuality "1"]

1. d4 Nf6 2. Bg5 g6 3. Bxf6 exf6 4. e3 Bg7 5. g3 0-0 6. Bg2 f5 7. Ne2 d6 8. c4 Nd7 9. Nbc3 h5 10. Qd3 Nf6 11. 0-0 h4 12. b4 Re8 13. b5 Ng4 14. Bf3 Nh6 15. a4 Rb8 16. a5 Bd7 17. a6 b6 18. Rad1 Qg5 19. Nf4 Ng4 20. Kg2 Qh6 21. Ncd5 Rbc8 22. Rh1 g5 23. Ne2 Nf6 24. Nxf6+ Bxf6 25. Nc3 Kg7 26. Bb7 f4 27. Nd5 f3+ 28. Kxf3 Qh5+ 29. Kg2 Bd8 30. Bxc8 h3+ 31. Kg1 Qf3 32. Qf1 Bxc8 33. Nb4 Bf5 34. Nc2 Be4 35. Ne1 Qxh1# 0-1

[Event "Titled Tuesday intern op 12th Dec Early"]
[Site "Chess.com INT"]
[Date "2023.12.12"]
[Round "7"]
[White "Vlassov, Nikolai"]
[Black "Ganerdene, Sugar"]
[Result "1-0"]
[WhiteElo "2299"]
[BlackElo "2429"]
[PlyCount "145"]
[EventDate "2023.12.12"]
[EventType "swiss (blitz)"]
[EventRounds "11"]
[EventCountry "USA"]
[SourceTitle "CB51_2023"]
[SourceDate "2023.12.20"]
[SourceVersion "1"]
[SourceVersionDate "2023.12.20"]
[SourceQuality "1"]

1. e4 c5 2. c3 Nf6 3. e5 Nd5 4. d4 cxd4 5. cxd4 d6 6. Bc4 e6 7. Nf3 Nc6 8. 0-0 Be7 9. Qe2 Nb6 10. Bb3 0-0 11. Nc3 Nb4 12. Bf4 N4d5 13. Bg3 Nxc3 14. bxc3 dxe5 15. Nxe5 Bd7 16. f4 g6 17. Rad1 Rc8 18. Rf3 Ba4 19. Re1 Bf6 20. Nxf7 Kxf7 21. Bxe6+ Kg7 22. Bxc8 Qxc8 23. f5 Bc6 24. Rff1 Nd5 25. Qd2 Bb5 26. Rf3 gxf5 27. Be5 f4 28. Bxf4 Nxf4 29. Qxf4 Qd7 30. Rg3+ Kh8 31. Rge3 Bg7 32. Qg5 h6 33. Qg3 Rf7 34. h3 a6 35. Qh4 Qf5 36. Kh2 Kh7 37. Re7 Bc6 38. Rxf7 Qxf7 39. Re7 Qg6 40. Qg3 h5 41. c4 Qxg3+ 42. Kxg3 h4+ 43. Kxh4 Bxg2 44. d5 Kg6 45. Rxb7 Be5 46. Rb6+ Kf5 47. Rxa6 Bf1 48. Kh5 Bxc4 49. Ra5 Be2+ 50. Kh6 Bd6 51. Kg7 Ke5 52. h4 Kd4 53. Kg6 Bd3+ 54. Kg5 Be4 55. h5 Bxd5 56. h6 Be7+ 57. Kg6 Be4+ 58. Kf7 Bb4 59. Ra4 Kc3 60. a3 Bd5+ 61. Kg7 Bd6 62. h7 Be5+ 63. Kg6 Bb3 64. Ra5 Bc2+ 65. Kh6 Bd4 66. Rd5 Be3+ 67. Kg7 Bxh7 68. Kxh7 Kc4 69. Re5 Bc5 70. a4 Kb4 71. Kg6 Ba7 72. a5 Ka4 73. a6 1-0

[Event "Astana Zhuldyzdary op-A"]
[Site "Astana"]
[Date "2023.07.18"]
[Round "10"]
[White "Rakhimzhan, Alen"]
[Black "Ganerdene, Sugar"]
[Result "0-1"]
[WhiteElo "2154"]
[BlackElo "2418"]
[PlyCount "78"]
[EventDate "2023.07.11"]
[EventType "swiss"]
[EventRounds "10"]
[EventCountry "KAZ"]
[SourceTitle "EXT 2024"]
[Source "ChessBase"]
[SourceDate "2023.10.10"]
[SourceVersion "1"]
[SourceVersionDate "2023.10.10"]
[SourceQuality "1"]

1. d4 Nf6 2. c4 g6 3. Nc3 Bg7 4. e4 d6 5. Be2 0-0 6. Bg5 c5 7. d5 h6 8. Be3 e6 9. Qd2 exd5 10. exd5 Kh7 11. h3 Re8 12. Nf3 Bf5 13. 0-0 Ne4 14. Nxe4 Bxe4 15. Rae1 Na6 16. a3 b5 17. cxb5 Nc7 18. Bc4 Bxf3 19. gxf3 Re5 20. Bf4 Rh5 21. Kg2 Qd7 22. Rh1 Nxb5 23. Bxb5 Qxb5 24. Re7 Kg8 25. Rd1 Bf8 26. Rc7 Qb3 27. Bg3 Rf5 28. h4 a5 29. Kh2 a4 30. Rc6 h5 31. Kg2 Kh7 32. Qd3 Qxb2 33. Rb1 Qa2 34. Rb7 Kg8 35. Rcc7 Qa1 36. Qb1 Qxa3 37. Rb8 Qxf3+ 38. Kg1 Qxd5 39. Rxa8 Qxa8 0-1

[Event "Astana Zhuldyzdary op-A"]
[Site "Astana"]
[Date "2023.07.17"]
[Round "9"]
[White "Ganerdene, Sugar"]
[Black "Nikitenko, Mihail"]
[Result "0-1"]
[WhiteElo "2418"]
[BlackElo "2540"]
[PlyCount "112"]
[EventDate "2023.07.11"]
[EventType "swiss"]
[EventRounds "10"]
[EventCountry "KAZ"]
[SourceTitle "CBM 215 Extra"]
[Source "ChessBase"]
[SourceDate "2023.09.30"]
[SourceVersion "1"]
[SourceVersionDate "2023.09.30"]
[SourceQuality "1"]

1. d4 d5 2. c4 e6 3. Nf3 a6 4. Bg5 Nf6 5. e3 Be7 6. Nc3 0-0 7. cxd5 exd5 8. Bd3 h6 9. Bh4 Be6 10. 0-0 Nbd7 11. Qc2 c5 12. dxc5 Nxc5 13. Bf5 Rc8 14. Rac1 b5 15. Bxe6 fxe6 16. Ne2 Bd6 17. Ned4 b4 18. Qg6 Qe8 19. Qxe8 Rfxe8 20. Bxf6 gxf6 21. Rc2 Nd3 22. Rd2 Nc1 23. Nb3 Nxb3 24. axb3 Rc5 25. Ra1 Rec8 26. Kf1 a5 27. Ke2 Kf7 28. Ne1 Rb5 29. g3 Rc6 30. Rc2 Rxc2+ 31. Nxc2 e5 32. Ne1 Ke6 33. Nd3 e4 34. Nf4+ Kf5 35. Rc1 Be5 36. Rc2 d4 37. exd4 Bxd4 38. h3 Rb8 39. Nd5 Ke6 40. Ne3 a4 41. bxa4 b3 42. Rd2 Bc3 43. bxc3 b2 44. Rd1 b1Q 45. Rxb1 Rxb1 46. h4 Ra1 47. Ng4 h5 48. Ne3 Ra2+ 49. Ke1 Rxa4 50. Ng2 Kf5 51. Ne3+ Ke5 52. Ng2 Ra2 53. Nf4 Kf5 54. Nxh5 Kg4 55. Nxf6+ Kf3 56. Nd7 Ra1+ 0-1

[Event "Astana Zhuldyzdary op-A"]
[Site "Astana"]
[Date "2023.07.12"]
[Round "2"]
[White "Niemann, Hans Moke"]
[Black "Ganerdene, Sugar"]
[Result "1/2-1/2"]
[WhiteElo "2674"]
[BlackElo "2418"]
[PlyCount "76"]
[EventDate "2023.07.11"]
[EventType "swiss"]
[EventRounds "10"]
[EventCountry "KAZ"]
[SourceTitle "CBM 215 Extra"]
[Source "ChessBase"]
[SourceDate "2023.09.30"]
[SourceVersion "1"]
[SourceVersionDate "2023.09.30"]
[SourceQuality "1"]

1. d4 Nf6 2. c4 e6 3. Nf3 d5 4. g3 Bb4+ 5. Bd2 Be7 6. Bg2 0-0 7. 0-0 c6 8. Qc2 Nbd7 9. Rc1 a5 10. a3 b6 11. cxd5 cxd5 12. Nc3 Ba6 13. Qb3 Ne4 14. Nb5 Nxd2 15. Nxd2 Rc8 16. Na7 Rxc1+ 17. Rxc1 Qa8 18. Rc7 Qd8 19. Rc2 Bxe2 20. Rc8 Qxc8 21. Nxc8 Rxc8 22. Qe3 Rc1+ 23. Nf1 Rc2 24. Bxd5 Nf6 25. Be4 Rxb2 26. Qc3 Ra2 27. Bf3 Bxf3 28. Qxf3 Nd5 29. Qb3 Rxa3 30. Qb5 Ra1 31. Kg2 Rd1 32. h4 g6 33. Nh2 h5 34. Nf3 Bf6 35. Qa4 Rd3 36. Qb5 Rd1 37. Qa4 Rd3 38. Qb5 Rd1 1/2-1/2

[Event "MGL-ch"]
[Site "Ulaanbaatar"]
[Date "2023.05.30"]
[Round "11"]
[White "Bilguun, Sumiya"]
[Black "Ganerdene, Sugar"]
[Result "0-1"]
[WhiteElo "2474"]
[BlackElo "2420"]
[PlyCount "118"]
[EventDate "2023.05.20"]
[EventType "tourn"]
[EventRounds "11"]
[EventCountry "MGL"]
[EventCategory "1"]
[SourceTitle "CBM 214 Extra"]
[Source "ChessBase"]
[SourceDate "2023.07.31"]
[SourceVersion "1"]
[SourceVersionDate "2023.07.31"]
[SourceQuality "1"]

1. e4 c5 2. Nc3 Nc6 3. Bb5 Nd4 4. Nf3 a6 5. Bd3 g6 6. b4 Nxf3+ 7. Qxf3 cxb4 8. Nd5 Bg7 9. Rb1 e6 10. Ne3 Ne7 11. Rxb4 0-0 12. Bb2 e5 13. 0-0 d6 14. Bc3 b5 15. a4 Nc6 16. Rb2 bxa4 17. Ra1 Bd7 18. Nc4 Rb8 19. Nxd6 Nd4 20. Qg3 Bc6 21. Rxb8 Qxb8 22. Bxd4 Qxd6 23. Bb2 Rb8 24. Bc3 Bb5 25. h4 h5 26. Qf3 a3 27. Qe3 Rb7 28. g3 Kh7 29. Kg2 Bh6 30. Qe2 Bf8 31. Qe3 Qe6 32. f4 Bxd3 33. cxd3 a2 34. fxe5 Rb1 35. Qd4 Qg4 36. e6 Qe2+ 37. Qf2 Qxf2+ 38. Kxf2 Rxa1 39. Bxa1 fxe6 40. d4 Bb4 41. Ke3 Kg8 42. Kd3 Kf7 43. Bb2 Ke7 44. Kc2 Kd7 45. Kd3 Bd6 46. e5 Bb4 47. Ba1 Kc6 48. Bb2 Kd5 49. Ba1 a5 50. Bb2 a4 51. Ba1 a3 52. Ke3 Kc4 53. Ke2 Ba5 54. Ke3 Kb3 55. Kd3 Bb4 56. d5 exd5 57. e6 Bc5 58. Bc3 Ka4 59. Bd4 Kb5 0-1

[Event "Asia zt 3.3"]
[Site "Jakarta"]
[Date "2023.05.10"]
[Round "7"]
[White "Ganerdene, Sugar"]
[Black "Setyaki, Azarya Jodi"]
[Result "1/2-1/2"]
[WhiteElo "2420"]
[BlackElo "2414"]
[PlyCount "74"]
[EventDate "2023.05.06"]
[EventType "swiss"]
[EventRounds "9"]
[EventCountry "INA"]
[SourceTitle "CBM 214 Extra"]
[Source "ChessBase"]
[SourceDate "2023.07.31"]
[SourceVersion "1"]
[SourceVersionDate "2023.07.31"]
[SourceQuality "1"]

1. d4 Nf6 2. c4 g6 3. Nf3 Bg7 4. g3 0-0 5. Bg2 d6 6. 0-0 Nbd7 7. Nc3 e5 8. e4 exd4 9. Nxd4 Re8 10. h3 a6 11. Be3 Rb8 12. b3 Ne5 13. a4 Bd7 14. Ra2 Qc8 15. Kh2 c5 16. Nde2 b5 17. axb5 axb5 18. cxb5 Bxb5 19. Nxb5 Rxb5 20. Nc3 Rb4 21. Bg5 Rd4 22. Rd2 Qb8 23. Rxd4 cxd4 24. Ne2 Ned7 25. Nxd4 Nxe4 26. Be3 Ndc5 27. Bxe4 Nxe4 28. Ne2 Qb5 29. Re1 d5 30. Nd4 Qb4 31. Nf3 Nc3 32. Bd2 Rb8 33. Bxc3 Bxc3 34. Re3 d4 35. Rd3 Qxb3 36. Qxb3 Rxb3 37. Nxd4 Rb4 1/2-1/2

[Event "Tashkent Sahibkiran Temur Cup"]
[Site "Tashkent"]
[Date "2023.04.18"]
[Round "7"]
[White "Rasulov, Vugar Ural Oglu"]
[Black "Ganerdene, Sugar"]
[Result "1/2-1/2"]
[WhiteElo "2510"]
[BlackElo "2422"]
[PlyCount "207"]
[EventDate "2023.04.14"]
[EventType "swiss"]
[EventRounds "9"]
[EventCountry "UZB"]
[SourceTitle "CBM 213 Extra"]
[Source "ChessBase"]
[SourceDate "2023.05.31"]
[SourceVersion "1"]
[SourceVersionDate "2023.05.31"]
[SourceQuality "1"]

1. e4 c5 2. Nf3 d6 3. Bb5+ Nd7 4. 0-0 a6 5. Bd3 Ngf6 6. Re1 e6 7. c3 b5 8. Bc2 Bb7 9. d4 Be7 10. Nbd2 Qc7 11. a4 cxd4 12. cxd4 0-0 13. Bd3 bxa4 14. Rxa4 a5 15. Nf1 Rfc8 16. Ng3 d5 17. e5 Ne4 18. Ra1 Bb4 19. Re2 Ba6 20. Rc2 Qb7 21. Rxc8+ Rxc8 22. Bxa6 Qxa6 23. Nxe4 dxe4 24. Ng5 f6 25. Nxe4 Qc6 26. Nd6 Bxd6 27. exd6 Qxd6 28. h4 Qd5 29. Qe1 e5 30. dxe5 Nxe5 31. Be3 Nc4 32. Rd1 Qe6 33. Bd4 Qxe1+ 34. Rxe1 Rd8 35. Bc3 Rb8 36. Rc1 Nxb2 37. Rb1 Rc8 38. Bxa5 Nd3 39. Bd2 Ne5 40. h5 h6 41. Rb5 Rd8 42. Bf4 Nc6 43. Kh2 Ne7 44. Rb7 Nc6 45. Rb5 Nd4 46. Ra5 Rd7 47. Be3 Kf7 48. Kg3 Nc6 49. Rb5 Ne7 50. Kh4 Nd5 51. Bc1 Nc3 52. Rc5 Ne4 53. Rc2 Ng5 54. Kg4 Ne6 55. Be3 Rd5 56. Rc4 f5+ 57. Kh4 Rd1 58. Rc1 Rxc1 59. Bxc1 g5+ 60. hxg6+ Kxg6 61. Kg3 Ng7 62. Kf4 Nh5+ 63. Ke5 Nf6 64. f3 Nh5 65. Bd2 Ng7 66. Be1 Kg5 67. Bf2 Kg6 68. Bh4 Nh5 69. Be7 Ng3 70. Bb4 Nh5 71. Bd2 Ng3 72. Be3 Nh5 73. Ke6 Ng7+ 74. Kd6 Nh5 75. Bd2 Ng3 76. Bf4 Nh5 77. Be5 Kg5 78. Bc3 Kg6 79. Bd2 Ng3 80. Ke6 Ne2 81. Be3 Ng3 82. Bf4 Ne2 83. Be3 Ng3 84. Ke5 Nh5 85. Bf2 Ng7 86. Bg3 Nh5 87. Bh2 Kg5 88. Bg1 Kg6 89. Bd4 Kg5 90. Kd6 Ng3 91. Ke6 Kg6 92. Be5 Ne2 93. Bd6 Kg5 94. Ke5 Ng3 95. Kd4 Ne2+ 96. Ke3 Nc3 97. g3 Kf6 98. Kd4 Ke6 99. Bb8 Nd5 100. Be5 Nc3 101. Bb8 Nd5 102. Kc4 h5 103. Kd4 f4 104. gxf4 1/2-1/2

[Event "Agzamov Memorial 16th"]
[Site "Tashkent"]
[Date "2023.04.07"]
[Round "4"]
[White "Ganerdene, Sugar"]
[Black "Kuziev, Miraziz"]
[Result "1-0"]
[WhiteElo "2422"]
[BlackElo "2116"]
[PlyCount "73"]
[EventDate "2023.04.05"]
[EventType "swiss"]
[EventRounds "10"]
[EventCountry "UZB"]
[SourceTitle "CBM 213 Extra"]
[Source "ChessBase"]
[SourceDate "2023.05.31"]
[SourceVersion "1"]
[SourceVersionDate "2023.05.31"]
[SourceQuality "1"]

1. d4 Nf6 2. c4 g6 3. Nf3 Bg7 4. g3 0-0 5. Bg2 d6 6. 0-0 Nbd7 7. Nc3 e5 8. e4 exd4 9. Nxd4 Re8 10. h3 a6 11. Be3 Rb8 12. b3 c5 13. Nde2 b5 14. Qxd6 b4 15. Na4 Nxe4 16. Bxe4 Bxa1 17. Rxa1 Rxe4 18. Nxc5 Re8 19. Rd1 Qe7 20. Qxe7 Rxe7 21. Nf4 f6 22. Nd5 Rf7 23. Bf4 Ra8 24. Ne4 Bb7 25. Nd6 Bxd5 26. Nxf7 Be6 27. Nh6+ Kg7 28. Ng4 h5 29. Ne3 Bxh3 30. Nd5 a5 31. Re1 g5 32. Bd6 Bg4 33. f3 Ra6 34. Re7+ Kh6 35. c5 Bf5 36. Ne3 Bb1 37. Rxd7 1-0

[Event "Agzamov Memorial 16th"]
[Site "Tashkent"]
[Date "2023.04.06"]
[Round "3"]
[White "Murzin, Volodar"]
[Black "Ganerdene, Sugar"]
[Result "1-0"]
[WhiteElo "2577"]
[BlackElo "2422"]
[PlyCount "75"]
[EventDate "2023.04.05"]
[EventType "swiss"]
[EventRounds "10"]
[EventCountry "UZB"]
[SourceTitle "CBM 213 Extra"]
[Source "ChessBase"]
[SourceDate "2023.05.31"]
[SourceVersion "1"]
[SourceVersionDate "2023.05.31"]
[SourceQuality "1"]

1. e4 c5 2. Nf3 e6 3. d4 cxd4 4. Nxd4 Nc6 5. Nc3 Qc7 6. Be2 a6 7. Nxc6 bxc6 8. Qd3 Nf6 9. Qg3 Qxg3 10. hxg3 Bb4 11. Bd2 d5 12. g4 d4 13. g5 dxc3 14. bxc3 Be7 15. gxf6 Bxf6 16. Rb1 a5 17. a4 0-0 18. Bd3 g6 19. Ke2 Bd7 20. Rb7 Rfd8 21. Rhb1 Be8 22. R1b3 Rdc8 23. f4 Bg7 24. e5 c5 25. Bb5 c4 26. Bxe8 Rxe8 27. R3b5 f6 28. Be3 fxe5 29. fxe5 Rf8 30. Bd4 h5 31. Re7 Rf5 32. Rxe6 Rg5 33. Kf2 h4 34. Re7 Rg4 35. Rbb7 Rf8+ 36. Kg1 Bh6 37. e6 Rg3 38. Rh7 1-0

[Event "Asia-ch U20"]
[Site "Tagaytay City"]
[Date "2022.11.22"]
[Round "6"]
[White "Neelash, Saha"]
[Black "Ganerdene, Sugar"]
[Result "1/2-1/2"]
[WhiteElo "2436"]
[BlackElo "2419"]
[PlyCount "108"]
[EventDate "2022.11.19"]
[EventType "swiss"]
[EventRounds "9"]
[EventCountry "PHI"]
[SourceTitle "CBM 211 Extra"]
[Source "ChessBase"]
[SourceDate "2023.01.31"]
[SourceVersion "1"]
[SourceVersionDate "2023.01.31"]
[SourceQuality "1"]

1. e4 c5 2. Nf3 d6 3. d4 cxd4 4. Nxd4 Nf6 5. Nc3 Nc6 6. Bg5 e6 7. Qd3 Qb6 8. 0-0-0 Qxd4 9. Qxd4 Nxd4 10. Rxd4 a6 11. Na4 Nd7 12. c4 b6 13. Be2 Bb7 14. f3 Bc6 15. Nc3 Nf6 16. Rd2 Be7 17. Bf4 Nh5 18. Be3 Rb8 19. g4 Nf6 20. Bf4 e5 21. Be3 Nd7 22. Nd5 Bd8 23. Kb1 Bb7 24. Bf2 Nc5 25. h4 0-0 26. Rhd1 g6 27. g5 Bxd5 28. cxd5 a5 29. Be3 f5 30. gxf6 Bxf6 31. Rh1 h5 32. Bd1 Kh7 33. a3 a4 34. Rg2 Be7 35. Rhg1 Rg8 36. f4 exf4 37. Bxf4 Rbf8 38. Be3 Bf6 39. e5 dxe5 40. Bc2 e4 41. Bxc5 bxc5 42. Bxe4 Bd4 43. Re1 Rf2 44. d6 Rxg2 45. Bxg2 Rb8 46. d7 Bf6 47. Re2 c4 48. Bc6 c3 49. Bxa4 Rxb2+ 50. Rxb2 cxb2 51. Bc2 Bxh4 52. Kxb2 Kg7 53. a4 Bd8 54. Kb3 Kf6 1/2-1/2

[Event "Asia-ch U20"]
[Site "Tagaytay City"]
[Date "2022.11.20"]
[Round "3"]
[White "Ganerdene, Sugar"]
[Black "Avinash, Ramesh"]
[Result "1/2-1/2"]
[WhiteElo "2419"]
[BlackElo "2338"]
[PlyCount "76"]
[EventDate "2022.11.19"]
[EventType "swiss"]
[EventRounds "9"]
[EventCountry "PHI"]
[SourceTitle "CBM 211 Extra"]
[Source "ChessBase"]
[SourceDate "2023.01.31"]
[SourceVersion "1"]
[SourceVersionDate "2023.01.31"]
[SourceQuality "1"]

1. d4 Nf6 2. c4 e6 3. g3 d5 4. Nf3 dxc4 5. Bg2 a6 6. 0-0 Nc6 7. e3 Bd7 8. Qe2 Bd6 9. Qxc4 0-0 10. Rd1 Qe7 11. Nc3 Rab8 12. Qe2 e5 13. dxe5 Nxe5 14. Nxe5 Bxe5 15. e4 Rfd8 16. Bg5 Bxc3 17. bxc3 h6 18. Be3 Bb5 19. c4 Ba4 20. Rd4 Bc6 21. f3 Nd7 22. Rad1 Nf8 23. Bh3 Ne6 24. Rxd8+ Rxd8 25. Rxd8+ Qxd8 26. Bxe6 fxe6 27. Kg2 Ba4 28. Bf4 Qd1 29. Qxd1 Bxd1 30. Bxc7 Be2 31. c5 Kf7 32. Be5 g6 33. h4 h5 34. Kf2 Bd1 35. Ke3 Ke8 36. Bb2 Kf7 37. Kf4 Be2 38. g4 Bd1 1/2-1/2

[Event "Olympiad-44"]
[Site "Chennai"]
[Date "2022.08.06"]
[Round "8.4"]
[White "Kobayashi, Atsuhiko"]
[Black "Ganerdene, Sugar"]
[Result "0-1"]
[WhiteElo "2156"]
[BlackElo "2428"]
[PlyCount "72"]
[EventDate "2022.07.29"]
[EventType "team-swiss"]
[EventRounds "11"]
[EventCountry "IND"]
[SourceTitle "CBM 210"]
[Source "ChessBase"]
[SourceDate "2022.10.31"]
[SourceVersion "1"]
[SourceVersionDate "2022.10.31"]
[SourceQuality "1"]
[WhiteTeam "Japan"]
[BlackTeam "Mongolia"]
[WhiteTeamCountry "JPN"]
[BlackTeamCountry "MGL"]

1. d4 Nf6 2. c4 g6 3. Nc3 Bg7 4. e4 d6 5. h3 0-0 6. Bg5 c5 7. d5 Qa5 8. Bd3 e6 9. Bd2 exd5 10. exd5 Nbd7 11. f4 Nh5 12. Nge2 Qd8 13. 0-0 f5 14. Qc2 Ndf6 15. a3 Bd7 16. b4 Qc7 17. Be3 Rae8 18. Rf3 Ne4 19. Kh2 Nxc3 20. Nxc3 Rxe3 21. Rxe3 Nxf4 22. Rae1 Be5 23. Kh1 cxb4 24. axb4 Qb6 25. Qb3 Qd4 26. Bf1 Nh5 27. Ne2 Qh4 28. g3 Nxg3+ 29. Nxg3 Bxg3 30. R1e2 f4 31. Rf3 g5 32. Kg1 Bxh3 33. Bxh3 Qxh3 34. Rg2 Re8 35. Rfxg3 fxg3 36. Rxg3 Re1+ 0-1

[Event "Paracin op-A 15th"]
[Site "Paracin"]
[Date "2022.07.16"]
[Round "9"]
[White "Djordjevic, Vuk D"]
[Black "Ganerdene, Sugar"]
[Result "1/2-1/2"]
[WhiteElo "2382"]
[BlackElo "2428"]
[PlyCount "122"]
[EventDate "2022.07.08"]
[EventType "swiss"]
[EventRounds "9"]
[EventCountry "SRB"]
[SourceTitle "CBM 209 Extra"]
[Source "ChessBase"]
[SourceDate "2022.09.30"]
[SourceVersion "1"]
[SourceVersionDate "2022.09.30"]
[SourceQuality "1"]

1. d4 Nf6 2. Bg5 d5 3. e3 c5 4. Bxf6 gxf6 5. dxc5 Nc6 6. c3 e5 7. b4 a5 8. Bb5 Rg8 9. Ne2 axb4 10. cxb4 Rg4 11. Nbc3 Be6 12. a3 Rxg2 13. Ng3 d4 14. exd4 exd4 15. Nce2 Qd5 16. Qxd4 Qxd4 17. Nxd4 Bd5 18. Ndf5 0-0-0 19. Rd1 Re8+ 20. Kf1 Rxg3 21. Nxg3 Bxh1 22. Nxh1 Kc7 23. Ng3 Ra8 24. Rd3 Ne5 25. Rb3 Bh6 26. Nh5 Bc1 27. a4 f5 28. Nf6 Rd8 29. Ne8+ Kb8 30. Nd6 Bf4 31. h3 f6 32. Nxf5 Rd1+ 33. Kg2 Rd2 34. Nd6 Ng6 35. Nf5 Be5 36. Ne3 Nf4+ 37. Kf3 Nxh3 38. Ng4 Bd4 39. Rd3 Rxd3+ 40. Bxd3 Bc3 41. b5 Bd4 42. c6 bxc6 43. bxc6 Kc7 44. Bb5 Ng5+ 45. Kf4 Nh3+ 46. Ke4 Bxf2 47. Bf1 Ng5+ 48. Kd5 Bb6 49. Nxf6 Ba5 50. Ne8+ Kd8 51. Nd6 Kc7 52. Ne8+ Kd8 53. Nd6 Kc7 54. Nc4 Be1 55. a5 Nf7 56. a6 Bf2 57. Bh3 h5 58. Bd7 h4 59. Be6 Nd8 60. Bd7 h3 61. Bxh3 Nxc6 1/2-1/2

[Event "Paracin op-A 15th"]
[Site "Paracin"]
[Date "2022.07.09"]
[Round "3"]
[White "Predke, Alexandr"]
[Black "Ganerdene, Sugar"]
[Result "1-0"]
[WhiteElo "2688"]
[BlackElo "2428"]
[PlyCount "101"]
[EventDate "2022.07.08"]
[EventType "swiss"]
[EventRounds "9"]
[EventCountry "SRB"]
[SourceTitle "CBM 209 Extra"]
[Source "ChessBase"]
[SourceDate "2022.09.30"]
[SourceVersion "1"]
[SourceVersionDate "2022.09.30"]
[SourceQuality "1"]

1. d4 Nf6 2. c4 g6 3. Nc3 Bg7 4. e4 d6 5. Be2 0-0 6. Be3 c5 7. d5 e6 8. Nf3 exd5 9. cxd5 Re8 10. Nd2 Na6 11. 0-0 Nc7 12. a4 a6 13. Bf4 Rb8 14. a5 Bf8 15. Bf3 b5 16. axb6 Rxb6 17. Nc4 Rb4 18. b3 h6 19. h3 Nh7 20. Na2 Rb8 21. e5 Nb5 22. exd6 Nxd6 23. Nc3 Ng5 24. h4 Nxf3+ 25. Qxf3 Nxc4 26. bxc4 Rb3 27. Rae1 Rxe1 28. Rxe1 Qxh4 29. Re8 Bd7 30. Ra8 Rxc3 31. Rxf8+ Kxf8 32. Bd6+ Kg8 33. Qxc3 Qd4 34. Qxd4 cxd4 35. Kf1 Bf5 36. Ke2 f6 37. Bc7 Kf7 38. Bb6 d3+ 39. Ke3 g5 40. Ba5 h5 41. c5 h4 42. f3 Ke8 43. c6 h3 44. gxh3 Bxh3 45. d6 Bd7 46. cxd7+ Kxd7 47. Bb4 a5 48. Ba3 Ke6 49. Kxd3 f5 50. Kd4 a4 51. Bb4 1-0

[Event "Paracin op-A 15th"]
[Site "Paracin"]
[Date "2022.07.08"]
[Round "1"]
[White "Mohota, Nisha"]
[Black "Ganerdene, Sugar"]
[Result "0-1"]
[WhiteElo "2148"]
[BlackElo "2428"]
[PlyCount "126"]
[EventDate "2022.07.08"]
[EventType "swiss"]
[EventRounds "9"]
[EventCountry "SRB"]
[SourceTitle "EXT 2023"]
[Source "ChessBase"]
[SourceDate "2022.10.05"]
[SourceVersion "1"]
[SourceVersionDate "2022.10.05"]
[SourceQuality "1"]

1. e4 c5 2. Nf3 d6 3. d4 cxd4 4. Nxd4 Nf6 5. Nc3 Nc6 6. g3 Bd7 7. Bg2 g6 8. Nxc6 Bxc6 9. 0-0 Bg7 10. Nd5 e6 11. Nxf6+ Bxf6 12. c3 0-0 13. Be3 Qc7 14. Qc2 Rfd8 15. Rfd1 Qa5 16. a4 Qc7 17. c4 Qa5 18. Ra2 Rac8 19. Qd2 Qc7 20. a5 Qb8 21. Qb4 Rd7 22. b3 Rcd8 23. Rad2 Be7 24. Qc3 b5 25. axb6 axb6 26. Bh6 e5 27. Qe3 Ra7 28. h4 Ra3 29. Kh2 Rc8 30. Bf1 Qc7 31. f3 Rca8 32. Rd3 Ra2+ 33. R3d2 R8a3 34. Rxa2 Rxa2+ 35. Rd2 Ra1 36. Qd3 Qa7 37. Be3 Qa5 38. Be2 Qb4 39. Bd1 Kg7 40. Qc2 Ra8 41. Qb2 Bb7 42. Kg2 Rc8 43. Be2 Bc6 44. Rc2 Qa5 45. b4 Qa7 46. c5 bxc5 47. bxc5 Bf6 48. Qc1 d5 49. exd5 Bxd5 50. Bc4 Bc6 51. Be2 h5 52. Bh6+ Kh7 53. Be3 Be7 54. Rc3 Ra8 55. Rc2 Rb8 56. Kf2 Qd7 57. Kg2 Qf5 58. Qd2 Rd8 59. Qc3 Bf6 60. Qc4 Bd5 61. Qa4 Ra8 62. Rc4 Rxa4 63. Rxa4 Qc2 0-1